000 00554nam a2200205Ia 4500
005 20260429112049.0
008 260429s9999||||xx |||||||||||||| ||und||
020 _a9781836597117
041 _aEnglish
082 _a621.381
_bPHI
100 _aPhillips, Roger
245 0 _aElectronic devices and circuits /
_cRoger Phillips
250 _a1st ed.
260 _aWaltham Abbey Essesx :
_bChapman Press,
_c2026.
300 _ax, 261 p.; hb
650 _a Circuit analysis
650 _a Electronics
650 _aElectronic devices
942 _cTB
999 _c52155
_d52155